Sports Quiz

Random Sports or MLB Quiz

MLB Home Run Derby Champions 1985-2011 Quiz Stats

 Plays Quiz not verified by Sporcle

Challenge
Share
Tweet
Embed
Score 0/27 Timer 08:00
0 Plays Today
Year Player % Correct
2010David Ortiz
97.1%
2006Ryan Howard
96.2%
2011Robinson Cano
95.2%
2009Prince Fielder
95.2%
2008Justin Morneau
95.2%
2001Luis Gonzalez
93.3%
2000Sammy Sosa
93.3%
1993Juan Gonzalez
93.3%
1995Frank Thomas
92.4%
1992Mark McGwire
91.4%
2012Prince Fielder
90.9%
2007Vladimir Guerrero
87.6%
2003Garret Anderson
87.6%
1999Ken Griffey
87.6%
Year Player % Correct
1998Ken Griffey
87.6%
1996Brady Anderson
87.6%
1994Ken Griffey
87.6%
1997Tino Martinez
83.8%
2002Jason Giambi
82.9%
2005Bobby Abreu
81.9%
2004Miguel Tejada
81%
1990Ryne Sandberg
81%
1991Cal Ripken
80%
1986Darryl Strawberry
77.1%
1987Andre Dawson
68.6%
1989 (2 Winners)Eric Davis; Ruben Sierra
39%
1985Dave Parker
34.3%

You're not logged in!

Compare scores with friends on all Sporcle quizzes.
Join for Free
OR
Log In

You Might Also Like...

Show Comments

Extras

Top Quizzes Today


Score Distribution

Your Account Isn't Verified!

In order to create a playlist on Sporcle, you need to verify the email address you used during registration. Go to your Sporcle Settings to finish the process.

Report this User

Report this user for behavior that violates our Community Guidelines.

Details: